LEADER 00890nam a2200193 i 4500 001 000000215231 003 CaOOAMICUS 005 20120816000000.0 008 120816s1774 it u000 u ita u 013 $a194103 026 $ae-V. r.oa 4.1. (1"p (3) 1774 (R) 040 $aSeMil$bita 245 10$aDall'anno 1551 sino all'anno 1559. 300 $a[4], 424 p. 500 $aSegn. : pigreco2 A-2C8 2D4. 773 0 $aFleury, Claude <1640-1723>$tStoria ecclesiastica di monsignor Claudio Fleury, tradotta dal francese dal signor conte Gasparo Gozzi. Tomo 1. [-27.].$bNuova edizione riveduta, e corretta sul testo originale.$dIn Genova : Nella stamperia di Agostino Olzati, 1769-1783.$gTomo22$w()27229 850 $aSeMil 852 $aSeMil$W1$xVenegono$y1$m1ZD VII 32 FA$j165652$B165652$CSeMilBibl$Z2$F176596 $8I 996 $6245$aDall'anno 1551 sino all'anno 1559$9(OLS)http://semarc/title/309922 LEADER 01479nam a2200373 i 4500 001 000000029522 003 CaOOAMICUS 005 20251107113953.0 008 180830s18641871fr u000 u lat u 040 $aSeMil$bita 100 0 $aBonaventura : da Bagnorea,$c.$0(OLS)http://semarc/name/89172 245 10$aS.R.E. Cardinalis s. Bonaventurae opera omnia Sixti 5. pontificis maximi iussu diligentissime emendata /$ccura et studio A. C. Peltier. 250 $aEditio accurate recognita ... 260 $aParisiis :$bL. Vivès,$c1864-1871. 300 $a15 v. ;$c29 cm. 700 1 $aPeltier, Adolphe Charles.$0(OLS)http://semarc/name/13474 774 0 $tTomus 1.$g1$w()227579 774 0 $tTomus 2.$g2$w()227581 774 0 $tTomus 3.$g3$w()227580 774 0 $tTomus 4.$g4$w()227583 774 0 $tTomus 5.$g5$w()227584 774 0 $tTomus 6.$g6$w()227585 774 0 $tTomus 7.$g7$w()227586 774 0 $tTomus 8.$g8$w()227588 774 0 $tTomus 9.$g9$w()227795 774 0 $tTomus 10.$g10$w()227796 774 0 $tTomus 11.$g11$w()227589 774 0 $tTomus 12.$g12$w()227798 774 0 $tTomus 13.$g13$w()227800 774 0 $tTomus 14.$g14$w()227802 774 0 $tTomus 15.$g15$w()227803 996 $6245$aS.R.E. Cardinalis s. Bonaventurae opera omnia Sixti 5. pontificis maximi iussu diligentissime emendata$9(OLS)http://semarc/title/40117 996 $6260$aParisiis :$bL. Vivès$9(OLS)http://semarc/publisher/38136